In retirement: pensioners in Great Britain and the United States

Saved in:
Bibliographic Details
Main Author: Bracey, H. E.
Format: Book
Language:English
Published: London, Routledge & K. Paul, 1966
Subjects:
LEADER 00989nam a22002651 4500
001 c000324191
003 CARM
005 00000000000000.0
008 740813s1966 enkak b 00010 eng
015 |a B66-23621 
019 1 |a 45098202  |z 662978  |5 LACONCORD2021 
035 |a (OCoLC)2164487  |5 LACONCORD2021 
043 |a e-uk---  |a n-us--- 
050 0 0 |a HQ1061  |b .B7 
100 1 |a Bracey, H. E. 
245 1 0 |a In retirement: pensioners in Great Britain and the United States  |c [by] H. E. Bracey. 
260 |a London,  |b Routledge & K. Paul,  |c 1966 
300 |a xvi, 295 p.  |b illus. (forms) tables.  |c 22 1/2 cm. 
504 |a Bibliography: p. 269-274. 
650 0 |a Older people  |z United States. 
650 0 |a Older people  |z Great Britain. 
852 8 |b CARM  |h A1:AP02G0  |i B08030  |p 0356587  |f BK 
082 0 4 |a 301.435 
999 f f |i c40d1365-95c6-5bb2-9929-83eccbac5ab1  |s 1cb70384-1e7d-520c-b487-09e32aa6f094 
952 f f |p Can circulate  |a CAVAL  |b CAVAL  |c CAVAL  |d CARM 1 Store  |e B08030  |f A1:AP02G0  |h Other scheme  |i book  |m 0356587